ბათუმის შოთა რუსთაველის სახელმწიფო უნივერსიტეტის ბიბლიოთეკა

Психологический Журнал : (ბიბ.ჩანაწერი № 56840)

000 -LEADER
fixed length control field 00721nam a2200181 4500
005 - DATE AND TIME OF LATEST TRANSACTION
control field 20190510195327.0
008 - FIXED-LENGTH DATA ELEMENTS--GENERAL INFORMATION
fixed length control field 190510c2019 ру ||||| |||| 00| 0 рус d
022 ## - INTERNATIONAL STANDARD SERIAL NUMBER
International Standard Serial Number 0205-9592
041 ## - LANGUAGE CODE
Language code of text/sound track or separate title рус
245 ## - TITLE STATEMENT
Title Психологический Журнал :
Remainder of title 2019 N2 (Том40) Март-Апрель /
Statement of responsibility, etc. Гл. ред.:Журавлев А.Л.
260 ## - PUBLICATION, DISTRIBUTION, ETC.
Place of publication, distribution, etc. Москва :
Name of publisher, distributor, etc. Россииская академия наук,
Date of publication, distribution, etc. 2019
300 ## - PHYSICAL DESCRIPTION
Extent V.
653 ## - INDEX TERM--UNCONTROLLED
Uncontrolled term ფსიქოლოგია
653 ## - INDEX TERM--UNCONTROLLED
Uncontrolled term Психологический Журнал N2 (Том40) Март-Апрель 2019.
653 ## - INDEX TERM--UNCONTROLLED
Uncontrolled term периодика
700 ## - ADDED ENTRY--PERSONAL NAME
Personal name Журавлев, А.Л.
Relator term Гл. редактор
9 (RLIN) 1024
942 ## - ADDED ENTRY ELEMENTS (KOHA)
Source of classification or shelving scheme
Koha item type პერიოდიკა
ეგზემპლარები
Withdrawn status Lost status Source of classification or shelving scheme Damaged status Not for loan Permanent Location Current Location Date acquired Serial Enumeration / chronology Barcode Date last seen Copy number Price effective from Koha item type
        შიდა ფონდი ბათუმის შოთა რუსთაველის სახელმწიფო უნივერსიტეტის მთავარი ბიბლიოთეკა ბათუმის შოთა რუსთაველის სახელმწიფო უნივერსიტეტის მთავარი ბიბლიოთეკა 2019-05-10 N 2(Том40) март-апрель (2019) p80025 2019-05-10 p80025 2019-05-10 პერიოდიკა
        შიდა ფონდი ბათუმის შოთა რუსთაველის სახელმწიფო უნივერსიტეტის მთავარი ბიბლიოთეკა ბათუმის შოთა რუსთაველის სახელმწიფო უნივერსიტეტის მთავარი ბიბლიოთეკა 2019-05-10 N 1(Tом40) Январь-февраль 2019. p80024 2019-05-10 p80024 2019-05-10 პერიოდიკა
        შიდა ფონდი ბათუმის შოთა რუსთაველის სახელმწიფო უნივერსიტეტის მთავარი ბიბლიოთეკა ბათუმის შოთა რუსთაველის სახელმწიფო უნივერსიტეტის მთავარი ბიბლიოთეკა 2019-07-10 N 3(Том40) Май- Июнь (2019) p80142 2019-07-10 p80142 2019-07-10 პერიოდიკა
          ბათუმის შოთა რუსთაველის სახელმწიფო უნივერსიტეტის მთავარი ბიბლიოთეკა ბათუმის შოთა რუსთაველის სახელმწიფო უნივერსიტეტის მთავარი ბიბლიოთეკა 2020-02-19 N 6 (Том40) Ноябрь - Декабрь (2019) p80581 2020-02-19 p80581 2020-02-19 პერიოდიკა